000 00303nam a2200121Ia 4500
008 190216s9999||||xx |||||||||||||| ||und||
100 _aRajendra Mohan Matnagar
245 0 _aHindi-Manga Ka Sindhoor
260 _bNidhi Sahithya Sahithya Pusthak
_c2007
300 _a139
650 _aHindi
942 _cBK
999 _c16684
_d16684